20 häufigste Adjektive (Gesamt) - Statistiken

Allgemein
  • Dieses Quiz wurde 16 mal gespielt
  • Das Durchschnittsergebnis liegt bei 6 aus 20
Antwortstatistiken
Rang Wort % Korrekt
2. gross
77%
12. alt
69%
9. klein
69%
8. gut
62%
15. jung
62%
1. neu
62%
13. hoch
54%
18. lang(e)
54%
4. viel
31%
20. wenig
31%
19. nah(e)
23%
6. weit
23%
5. ander...
8%
7. deutsch
0%
10. eigen
0%
14. einig
0%
3. erst…
0%
11. letzt...
0%
17. vergangen
0%
16. zweit...
0%
Keine übereinstimmenden Quizze gefunden
Verteilung der Resultate
Anzahl Personen mit jedem Resultat
Perzentil nach korrekt beantworteten Fragen
Ihre Resultats-Entwicklung
Sie haben dieses Quiz noch nicht gespielt